[Event "Lichtenberger Sommer 2024"]
[Site "Berlin"]
[Date "2024.08.10"]
[Round "1.1"]
[White "Das, Soham"]
[Black "Kohlmeyer, Dagobert"]
[Result "1-0"]
[WhiteElo "2334"]
[BlackElo "1872"]
[PlyCount "58"]
[EventDate "2024.08.10"]
[WhiteTeam "SK Tarrasch 1945 München"]
[BlackTeam "SG Weißensee 49 e.V."]

{[%evp 0,58,19,31,14,22,12,31,17,12,6,18,14,8,25,20,11,-6,-10,-7,-15,-15,19,34,
31,34,53,55,34,41,88,89,142,123,132,130,127,155,163,139,184,163,175,172,170,
181,208,199,239,176,252,249,267,257,279,273,291,250,395,392,408]} 1. d4 Nf6 2.
Nc3 d5 3. Bf4 e6 4. Nb5 Bd6 5. Nxd6+ cxd6 6. e3 O-O 7. Nf3 Nc6 8. Be2 Re8 9. c3
e5 10. Bg5 e4 11. Nd2 h6 12. Bh4 a6 13. Qb3 g5 14. Bg3 b5 15. Qa3 Ra7 16. Qxd6
Qxd6 17. Bxd6 Rd7 18. Bg3 Rb7 19. Nb3 Ra7 20. h3 Be6 21. Nc5 Nd7 22. Nxe6 fxe6
23. h4 Nf6 24. b4 Kg7 25. a4 bxa4 26. Rxa4 Rea8 27. Kd2 Kg6 28. Rha1 g4 29.
Rxa6 h5 1-0

[Event "Lichtenberger Sommer 2024"]
[Site "Berlin"]
[Date "2024.08.10"]
[Round "1.2"]
[White "Oppermann, Peter"]
[Black "Hesse, Henrik"]
[Result "0-1"]
[WhiteElo "1872"]
[BlackElo "2313"]
[PlyCount "51"]
[EventDate "2024.08.10"]
[WhiteTeam "SK Bad Harzburg"]
[BlackTeam "SV Mattnetz Berlin e.V."]

1. d4 Nf6 2. Nf3 d5 3. e3 c5 4. b3 Nc6 5. Bb2 Bg4 6. Nbd2 cxd4 7. exd4 e6 8.
Be2 Bd6 9. Ne5 Bf5 10. a3 O-O 11. O-O Rc8 12. Rc1 Qe7 13. Ra1 Bxc2 14. Qxc2
Nxe5 15. Qxc8 Nf3+ 16. Nxf3 Rxc8 17. Rfc1 Rxc1+ 18. Rxc1 g6 19. b4 a5 20. Rc8+
Kg7 21. Ne5 axb4 22. axb4 Bxe5 23. dxe5 Ne4 24. Ba3 Qd7 25. Ra8 b5 26. Bd3 0-1

[Event "Lichtenberger Sommer 2024"]
[Site "Berlin"]
[Date "2024.08.10"]
[Round "1.3"]
[White "Tschernatsch, Johannes"]
[Black "Liu, Jonas"]
[Result "1-0"]
[WhiteElo "2264"]
[BlackElo "1870"]
[PlyCount "35"]
[EventDate "2024.08.10"]
[WhiteTeam "SV Babelsberg 03 e.V."]
[BlackTeam "SV Königsjäger Süd-West e.V."]

1. e4 c6 2. d4 d5 3. e5 c5 4. dxc5 Nc6 5. f4 e6 6. Be3 d4 7. Bf2 Bxc5 8. a3
Nge7 9. Bd3 Nd5 10. Qg4 g6 11. Nd2 f6 12. Ngf3 a6 13. h4 Qc7 14. Nb3 Be7 15.
Nbxd4 Qa5+ 16. Kf1 Ncb4 17. Nb3 Nxc2 18. Bxc2 1-0

[Event "Lichtenberger Sommer 2024"]
[Site "Berlin"]
[Date "2024.08.10"]
[Round "1.4"]
[White "Kandeler, Christian"]
[Black "Escher, Clemens"]
[Result "0-1"]
[WhiteElo "1869"]
[BlackElo "2198"]
[PlyCount "60"]
[EventDate "2024.08.10"]
[WhiteTeam "TSG Oberschöneweide e.V."]
[BlackTeam "SK König Tegel 1949 e.V."]

1. e4 e6 2. d4 d5 3. Nc3 Nf6 4. e5 Nfd7 5. Nce2 c5 6. c3 Nc6 7. Nf3 Be7 8. g3
f6 9. Bh3 fxe5 10. Bxe6 e4 11. Bxd7+ Bxd7 12. Ne5 cxd4 13. Nxd7 Qxd7 14. Nxd4
O-O 15. Nxc6 bxc6 16. Be3 Rab8 17. b3 Bf6 18. Rc1 Rbd8 19. O-O Qh3 20. Bxa7 Be7
21. Be3 Rf5 22. Qe2 Rdf8 23. c4 Rh5 24. f3 exf3 25. Rxf3 Rxf3 26. Qxf3 Qxh2+
27. Kf1 Qh3+ 28. Qg2 Qf5+ 29. Kg1 Qd3 30. Qd2 Qe4 0-1

[Event "Lichtenberger Sommer 2024"]
[Site "Berlin"]
[Date "2024.08.10"]
[Round "1.5"]
[White "Ross, Chris N"]
[Black "Kuban, Andreas"]
[Result "1/2-1/2"]
[WhiteElo "2171"]
[BlackElo "1866"]
[PlyCount "98"]
[EventDate "2024.08.10"]
[WhiteTeam "Hillsborough Chess Club"]
[BlackTeam "SSV Rotation Berlin e.V."]

1. e4 c5 2. Nf3 d6 3. Bb5+ Nd7 4. O-O a6 5. Bxd7+ Bxd7 6. d4 cxd4 7. Qxd4 Nf6
8. Bg5 Bc6 9. Nc3 e6 10. Rfd1 Be7 11. Qd3 Qc7 12. a4 O-O 13. Nd4 Rfd8 14. Nxc6
Qxc6 15. a5 Qc5 16. Be3 Qh5 17. Bb6 Rd7 18. Qg3 Rc8 19. Bd4 Qg6 20. f3 d5 21.
Qxg6 hxg6 22. e5 Nh7 23. Ra4 Rdc7 24. Kf1 Rc4 25. Rda1 Nf8 26. Rxc4 Rxc4 27.
Ra4 Rc6 28. Ke2 Nd7 29. Kd3 Nc5+ 30. Bxc5 Bxc5 31. Ne2 Kf8 32. c3 Ke7 33. Rh4
Rc8 34. Rh7 Ba7 35. Rh4 Bc5 36. Nc1 Kd7 37. Rf4 Ke8 38. Nb3 Bg1 39. Rh4 Ke7 40.
Nd4 Rc5 41. Ne2 Bf2 42. Rb4 Rc7 43. Nc1 Bg1 44. Rh4 Rc5 45. Ne2 Bf2 46. Rb4 Rc7
47. Nc1 Bg1 48. Rh4 Rc5 49. Ne2 Bf2 1/2-1/2

[Event "Lichtenberger Sommer 2024"]
[Site "Berlin"]
[Date "2024.08.10"]
[Round "1.6"]
[White "Bui, Bao Anh Le"]
[Black "Kretzschmar, Jan"]
[Result "1-0"]
[WhiteElo "2177"]
[BlackElo "1869"]
[PlyCount "79"]
[EventDate "2024.08.10"]
[WhiteTeam "SV Mattnetz Berlin e.V."]
[BlackTeam "SC Kreuzberg e.V."]

1. e4 c5 2. Nf3 e6 3. c4 Nc6 4. Nc3 d6 5. d4 cxd4 6. Nxd4 Be7 7. Be3 Nf6 8. Nc2
O-O 9. Be2 b6 10. O-O Bb7 11. f4 Rc8 12. Bf3 Qc7 13. b3 Qb8 14. Qe1 Rfe8 15.
Qg3 Rcd8 16. Rad1 Bf8 17. Rd2 Ne7 18. Rfd1 d5 19. cxd5 exd5 20. e5 Nf5 21. Qe1
Nxe3 22. Qxe3 d4 23. Nxd4 Bc5 24. Na4 Bxf3 25. Qxf3 Rxd4 26. Rxd4 Nd7 27. Nxc5
Nxc5 28. Qc6 Rf8 29. Qd6 Ne6 30. Qxb8 Rxb8 31. Rd7 g6 32. g4 Nxf4 33. Rd8+ Rxd8
34. Rxd8+ Kg7 35. Rd7 a6 36. Rd6 a5 37. Rxb6 Nd3 38. Rb5 a4 39. bxa4 Nf4 40. a5
1-0

[Event "Lichtenberger Sommer 2024"]
[Site "Berlin"]
[Date "2024.08.10"]
[Round "1.7"]
[White "Pröschild, Matthias"]
[Black "Matthes, Aaron"]
[Result "0-1"]
[WhiteElo "1867"]
[BlackElo "2174"]
[PlyCount "156"]
[EventDate "2024.08.10"]
[WhiteTeam "BSV 63 Chemie Weißensee"]
[BlackTeam "SC Kreuzberg e.V."]

1. g3 d5 2. Bg2 g6 3. d3 Bg7 4. Nc3 Nf6 5. e4 dxe4 6. Nxe4 O-O 7. Ne2 c6 8. O-O
Nbd7 9. N2c3 Ne5 10. Bf4 Nxe4 11. Nxe4 Qb6 12. Qc1 Rd8 13. Be3 Qc7 14. Bf4 Bf5
15. Qe3 Qc8 16. Qc5 Bxe4 17. Bxe4 Qe6 18. Rfe1 Qd6 19. Qe3 Qd7 20. Bg2 Ng4 21.
Qxe7 Bxb2 22. Rab1 Qd4 23. Be3 Nxe3 24. Qxe3 Rab8 25. Qxd4 Bxd4 26. Re7 Bb6 27.
Rbe1 Rd6 28. Re8+ Rxe8 29. Rxe8+ Kg7 30. Kf1 Kf6 31. Bh3 Rd5 32. Bc8 Ra5 33.
Bxb7 Rxa2 34. Re2 c5 35. Bd5 Rb2 36. Bb3 Ba5 37. Re4 g5 38. h4 h6 39. hxg5+
hxg5 40. Ra4 Rb1+ 41. Kg2 Bb6 42. Rc4 Ra1 43. Kf3 Ra5 44. Ke4 Ra1 45. Kf3 Rh1
46. Kg2 Re1 47. f4 g4 48. Re4 Rd1 49. Rc4 Rd2+ 50. Kf1 Rd1+ 51. Kg2 Kg6 52. Ba4
f5 53. Bd7 Kf6 54. Kf2 Rb1 55. Ke2 Rh1 56. Kf2 Rh8 57. Ke2 Rh7 58. Ba4 Ke6 59.
Bb3 Kd6 60. Ba4 Ba5 61. d4 Bb6 62. dxc5+ Bxc5 63. Rc3 Rh2+ 64. Kf1 Rf2+ 65. Ke1
Rxf4 66. gxf4 Bb4 67. Bb5 Bxc3+ 68. Kf2 a5 69. Ba4 Bd2 70. Kg3 Be1+ 71. Kg2 Bc3
72. Bb3 Bd2 73. Kg3 Be1+ 74. Kg2 Bh4 75. Ba4 Kd5 76. Bb5 Ke4 77. c4 Kxf4 78.
Bd7 Be7 0-1

[Event "Lichtenberger Sommer 2024"]
[Site "Berlin"]
[Date "2024.08.10"]
[Round "1.8"]
[White "Skowronski, Peter"]
[Black "Reichmann, Felix"]
[Result "0-1"]
[WhiteElo "1863"]
[BlackElo "2171"]
[PlyCount "64"]
[EventDate "2024.08.10"]

1. Nf3 Nf6 2. d4 g6 3. g3 b6 4. Bg2 Bb7 5. O-O Bg7 6. c3 O-O 7. Nbd2 d5 8. Ne5
Nbd7 9. f4 c5 10. e3 Ne8 11. Qe2 Nd6 12. Nxd7 Qxd7 13. dxc5 bxc5 14. e4 e6 15.
e5 Nf5 16. Nb3 Qc6 17. Qf2 Ba6 18. Re1 Rac8 19. g4 Nh6 20. Qh4 f5 21. exf6 Rxf6
22. f5 Nf7 23. fxe6 Rxe6 24. Be3 Bf8 25. Rad1 Rd8 26. Bf2 Rxe1+ 27. Rxe1 Bd3
28. Qg3 Bc2 29. c4 Be4 30. Bxe4 dxe4 31. Qf4 Re8 32. Nd2 Bh6 0-1

[Event "Lichtenberger Sommer 2024"]
[Site "Berlin"]
[Date "2024.08.10"]
[Round "1.9"]
[White "Nötzel, Felix"]
[Black "Schneider, Eckehard"]
[Result "1-0"]
[WhiteElo "2168"]
[BlackElo "1863"]
[PlyCount "39"]
[EventDate "2024.08.10"]
[WhiteTeam "SF Berlin 1903 e.V."]
[BlackTeam "SF Berlin 1903 e.V."]

1. c4 Nf6 2. Nc3 g6 3. e4 d6 4. d4 Bg7 5. f3 O-O 6. Be3 c5 7. Nge2 Nc6 8. d5
Ne5 9. Ng3 e6 10. Be2 exd5 11. cxd5 a6 12. a4 Rb8 13. O-O b5 14. axb5 axb5 15.
Nxb5 Qb6 16. Ra2 Ba6 17. Nc3 Nc4 18. Bc1 Ra8 19. Rxa6 Rxa6 20. Bxc4 1-0

[Event "Lichtenberger Sommer 2024"]
[Site "Berlin"]
[Date "2024.08.10"]
[Round "1.10"]
[White "Kapr, Klaus"]
[Black "Jahn, Thomas"]
[Result "0-1"]
[WhiteElo "1862"]
[BlackElo "2165"]
[PlyCount "66"]
[EventDate "2024.08.10"]
[WhiteTeam "SC Friesen Lichtenberg e.V."]
[BlackTeam "SV Empor Berlin e.V."]

1. e4 e5 2. f4 Nc6 3. Nf3 exf4 4. d4 d5 5. exd5 Qxd5 6. Nc3 Bb4 7. Bxf4 Bg4 8.
Be2 O-O-O 9. O-O Qf5 10. Ne5 Bxe2 11. Nxe2 Qe6 12. c3 Be7 13. Nxc6 Qxc6 14. Qb3
Nf6 15. Rae1 Nd5 16. Bd2 h6 17. Qc2 Kb8 18. Rxf7 Bg5 19. Bxg5 hxg5 20. Ng3 Qh6
21. Nf1 g4 22. Qf2 g5 23. c4 Nf4 24. Ree7 g3 25. Qxg3 Rxd4 26. Qe3 Qc6 27. Qg3
Qc5 28. Kh1 Qxc4 29. Qe1 Qd5 30. Ne3 Qd6 31. Rxc7 Rb4 32. Qc3 Rxh2+ 33. Kxh2
Ne2+ 0-1

[Event "Lichtenberger Sommer 2024"]
[Site "Berlin"]
[Date "2024.08.10"]
[Round "1.11"]
[White "Petersen, Soren Boeck"]
[Black "Eis, Cedric"]
[Result "1-0"]
[WhiteElo "2156"]
[BlackElo "1860"]
[PlyCount "91"]
[EventDate "2024.08.10"]
[WhiteTeam "vereinslos"]
[BlackTeam "SF Berlin 1903 e.V."]

1. e4 c5 2. c3 Nf6 3. e5 Nd5 4. Nf3 Nc6 5. Bc4 e6 6. O-O Be7 7. d4 cxd4 8. cxd4
O-O 9. Nc3 Nb6 10. Bd3 Nb4 11. Bb1 d6 12. Qe2 a6 13. Ne4 N6d5 14. a3 Nc6 15. b4
Qc7 16. Bb2 Nf4 17. Qe3 Ng6 18. Neg5 h6 19. Nh3 Bd7 20. Nf4 Nxf4 21. Qxf4 d5
22. Qe3 f6 23. exf6 Rxf6 24. Ne5 Nxe5 25. dxe5 Rff8 26. Qd3 Rf5 27. Qd4 Rff8
28. Qg4 Bg5 29. Bd3 Rf4 30. Qe2 Qb6 31. Bc1 Rd4 32. Bxg5 hxg5 33. Qe3 Rc8 34.
Rad1 Rc6 35. Qxg5 Rc3 36. Bg6 Rxd1 37. Rxd1 Rc8 38. Qh5 Kf8 39. Qh8+ Ke7 40.
Qxg7+ Kd8 41. h4 Rc4 42. Qf8+ Kc7 43. h5 Ba4 44. Rd2 Qb5 45. Qd6+ Kc8 46. Bf7
1-0

[Event "Lichtenberger Sommer 2024"]
[Site "Berlin"]
[Date "2024.08.10"]
[Round "1.12"]
[White "Lange, Malina"]
[Black "Torosyan, Bagrat"]
[Result "0-1"]
[WhiteElo "1859"]
[BlackElo "2126"]
[PlyCount "153"]
[EventDate "2024.08.10"]
[WhiteTeam "SV Mattnetz Berlin e.V."]
[BlackTeam "TSG Oberschöneweide e.V."]

1. c4 e5 2. Nc3 Nc6 3. Nf3 Nf6 4. e3 Bb4 5. Qc2 O-O 6. Nd5 Re8 7. Qf5 d6 8.
Nxf6+ gxf6 9. Qh5 d5 10. cxd5 Qxd5 11. b3 Be6 12. Qh4 e4 13. Bc4 Qf5 14. Qg3+
Kh8 15. Nh4 Qe5 16. Qxe5 Nxe5 17. Be2 Red8 18. a3 Be7 19. Bb2 Bxb3 20. Nf5 Bf8
21. f4 exf3 22. gxf3 Be6 23. f4 Bxf5 24. fxe5 fxe5 25. Bxe5+ Bg7 26. Bxg7+ Kxg7
27. Bf3 Rab8 28. d4 Re8 29. Kd2 Re6 30. Rac1 c6 31. a4 Rbe8 32. Rhe1 Be4 33.
Bxe4 Rxe4 34. a5 R8e6 35. Rg1+ Kf8 36. Rg3 b6 37. axb6 axb6 38. Rcg1 Rg6 39.
Rxg6 hxg6 40. Ra1 Re6 41. h4 Kg7 42. Rb1 b5 43. Ke2 f5 44. Kf3 Rd6 45. Ra1 Kf6
46. Rg1 Ke7 47. Rg2 Re6 48. Rg1 Kd6 49. h5 gxh5 50. Rg5 Rf6 51. Rxh5 Kd5 52.
Ke2 Kc4 53. Rh1 b4 54. Rc1+ Kb3 55. Kd3 Kb2 56. Rc2+ Ka3 57. Rc1 b3 58. Ra1+
Kb2 59. Ra6 Re6 60. Rb6 Ka2 61. Ra6+ Kb1 62. Ra3 b2 63. Ra4 Re8 64. Kd2 Rh8 65.
Ra7 Rh2+ 66. Kd1 Rh3 67. Kd2 Rh4 68. Ra5 f4 69. exf4 Rxf4 70. Ra6 Rxd4+ 71. Kc3
Rd1 72. Rb6 Rc1+ 73. Kd2 Rc2+ 74. Kd1 Rc5 75. Kd2 Rb5 76. Rxc6 Ka2 77. Kc3 0-1

[Event "Lichtenberger Sommer 2024"]
[Site "Berlin"]
[Date "2024.08.10"]
[Round "1.13"]
[White "Niehaus, Frank"]
[Black "Özates, Mert"]
[Result "1-0"]
[WhiteElo "2120"]
[BlackElo "1854"]
[PlyCount "91"]
[EventDate "2024.08.10"]
[WhiteTeam "SK König Tegel 1949 e.V."]
[BlackTeam "SG NARVA Berlin e.V."]

1. e4 e6 2. d4 d5 3. Bd3 dxe4 4. Bxe4 Nf6 5. Bf3 c5 6. Ne2 Nc6 7. Be3 e5 8.
Bxc6+ bxc6 9. dxe5 Qxd1+ 10. Kxd1 Ng4 11. Nd2 Nxe5 12. Re1 Ba6 13. Bf4 Nc4 14.
Nc3+ Kd7 15. b3 Nxd2 16. Kxd2 c4 17. Rad1 Rd8 18. Kc1+ Kc8 19. Rxd8+ Kxd8 20.
Kb2 Be7 21. Be5 Re8 22. Rd1+ Kc8 23. Bxg7 cxb3 24. axb3 Bb4 25. g3 Bxc3+ 26.
Kxc3 c5 27. Rd5 c4 28. b4 Re2 29. Bd4 Bb7 30. Re5 Rxe5 31. Bxe5 Be4 32. Kd2 a6
33. c3 Kd7 34. Ke3 Bd3 35. Kd4 Kc6 36. Bf4 Bf1 37. Ke5 Bd3 38. Be3 Bc2 39. Bd4
Bd3 40. Kf6 Bg6 41. g4 Kd5 42. f4 Bd3 43. Kxf7 Be2 44. f5 Bxg4 45. f6 Bh5+ 46.
Ke7 1-0

[Event "Lichtenberger Sommer 2024"]
[Site "Berlin"]
[Date "2024.08.10"]
[Round "1.14"]
[White "Potgieter, Edward"]
[Black "Yatskar, Martin"]
[Result "0-1"]
[WhiteElo "1848"]
[BlackElo "2115"]
[PlyCount "90"]
[EventDate "2024.08.10"]
[WhiteTeam "Johannesburg Metro Chess"]
[BlackTeam "SK König Tegel 1949 e.V."]

1. e4 e5 2. Nf3 Nc6 3. Bc4 Nf6 4. d3 Bc5 5. c3 d6 6. Nbd2 a5 7. Nf1 h6 8. Be3
Bxe3 9. Nxe3 O-O 10. O-O Be6 11. Re1 a4 12. Bb5 a3 13. b3 Ne7 14. Bc4 Bxc4 15.
Nxc4 b5 16. Ncd2 c5 17. b4 cxb4 18. cxb4 Nc6 19. Rb1 Ra4 20. Rb3 Nd7 21. Nb1
Rxb4 22. Rxb4 Nxb4 23. Qb3 Qa5 24. Qxa3 Ra8 25. Qxa5 Rxa5 26. a3 Nxd3 27. Rd1
N7c5 28. Kf1 Ra6 29. Nc3 Ra5 30. Ne1 Nb2 31. Rxd6 Rxa3 32. Nxb5 Ra1 33. Ke2
Nxe4 34. Rd8+ Kh7 35. f3 Ng5 36. Nc2 Rh1 37. h3 Ne6 38. Rd7 Nf4+ 39. Kf2 Nd1+
40. Kg3 g5 41. Rd6 f5 42. Rd7+ Kg6 43. Rd6+ Kh5 44. Rd2 Ne2+ 45. Rxe2 f4# 0-1

[Event "Lichtenberger Sommer 2024"]
[Site "Berlin"]
[Date "2024.08.10"]
[Round "1.15"]
[White "Sieglen, Joachim"]
[Black "Sklorz, Tobias"]
[Result "1-0"]
[WhiteElo "2113"]
[BlackElo "1843"]
[PlyCount "67"]
[EventDate "2024.08.10"]
[WhiteTeam "SC Untergrombach 46"]
[BlackTeam "TSV Mariendorf 1897"]

1. d4 Nf6 2. c4 g6 3. Nc3 Bg7 4. e4 d6 5. Nf3 O-O 6. Be2 e5 7. Be3 a5 8. O-O
Nc6 9. d5 Ne7 10. Nd2 Nd7 11. a3 f5 12. f3 f4 13. Bf2 g5 14. Nb5 Rf7 15. b4
axb4 16. axb4 Rxa1 17. Qxa1 Ng6 18. Qa8 Nb6 19. Qb8 Nd7 20. Qxc7 Qxc7 21. Nxc7
Nf6 22. Na8 g4 23. Nb6 gxf3 24. Bxf3 Bg4 25. c5 Bxf3 26. gxf3 dxc5 27. bxc5 Nd7
28. Nxd7 Rxd7 29. Nc4 Bf6 30. Kh1 Bd8 31. Rb1 Bh4 32. Bxh4 Nxh4 33. Nxe5 Re7
34. d6 1-0

[Event "Lichtenberger Sommer 2024"]
[Site "Berlin"]
[Date "2024.08.10"]
[Round "1.16"]
[White "Bruening, Wolfgang"]
[Black "Hommel, Niclas"]
[Result "0-1"]
[WhiteElo "1840"]
[BlackElo "2111"]
[PlyCount "58"]
[EventDate "2024.08.10"]
[WhiteTeam "vereinslos"]
[BlackTeam "TSG Oberschöneweide e.V."]

1. c4 g6 2. g3 Bg7 3. Bg2 c5 4. Nf3 Nc6 5. Nc3 e6 6. d3 Nge7 7. O-O O-O 8. Bg5
h6 9. Bxe7 Qxe7 10. Qd2 a6 11. Rad1 Rb8 12. a4 d6 13. e3 Bd7 14. Rfe1 Rfc8 15.
b3 Na5 16. Rb1 Qd8 17. Red1 Nc6 18. d4 cxd4 19. exd4 Ne7 20. g4 d5 21. Ne5 Bc6
22. c5 b6 23. Qf4 Be8 24. b4 a5 25. b5 bxc5 26. dxc5 Rxc5 27. Ne4 Rcc8 28. g5
hxg5 29. Nxg5 f6 0-1

[Event "Lichtenberger Sommer 2024"]
[Site "Berlin"]
[Date "2024.08.10"]
[Round "1.17"]
[White "Schulz, Michael"]
[Black "Rennspieß, Jens"]
[Result "1-0"]
[WhiteElo "2109"]
[BlackElo "1839"]
[PlyCount "69"]
[EventDate "2024.08.10"]
[WhiteTeam "SC Zitadelle Spandau 1977 e.V."]
[BlackTeam "SV Berolina Mitte e.V."]

1. e4 c6 2. Nf3 d5 3. exd5 cxd5 4. Ne5 Nf6 5. Bb5+ Bd7 6. Nxd7 Nbxd7 7. O-O e6
8. d4 Be7 9. Bd3 O-O 10. Re1 Qc7 11. Nd2 Rac8 12. Nf3 a6 13. Bg5 Rfe8 14. c3 h6
15. Bh4 Ng4 16. Bg3 Bd6 17. Bxd6 Qxd6 18. h3 Ngf6 19. Ne5 Nb6 20. Qf3 Re7 21.
Qg3 Qd8 22. Re2 Nc4 23. f4 Nd6 24. Ng4 Nxg4 25. hxg4 f5 26. gxf5 exf5 27. Re5
Rxe5 28. fxe5 Ne4 29. Qg6 Rc6 30. Qxf5 Ng5 31. Rf1 Qe7 32. Bc2 b5 33. Bb3 Qd8
34. e6 Rd6 35. Re1 1-0

[Event "Lichtenberger Sommer 2024"]
[Site "Berlin"]
[Date "2024.08.10"]
[Round "1.18"]
[White "Andersen, Guttorm"]
[Black "Amelang, Thomas"]
[Result "0-1"]
[WhiteElo "1835"]
[BlackElo "2106"]
[PlyCount "80"]
[EventDate "2024.08.10"]
[BlackTeam "Münchener SC 1836 e.V."]

1. d4 c5 2. d5 Nf6 3. a4 d6 4. c4 g6 5. Nc3 Bg7 6. e4 Na6 7. f4 e6 8. Nf3 O-O
9. Be2 exd5 10. cxd5 Re8 11. e5 dxe5 12. fxe5 Ng4 13. O-O Nxe5 14. Bf4 Bf5 15.
Qd2 Nb4 16. Nxe5 Bxe5 17. Bxe5 Rxe5 18. Bc4 Qh4 19. Rf4 Qg5 20. Rd1 Nc2 21.
Rxf5 Rxf5 22. Qxc2 Qe3+ 23. Kh1 Re8 24. Qe2 Rfe5 25. d6 Qf4 26. Qf1 Qxf1+ 27.
Rxf1 Rf5 28. Rxf5 gxf5 29. Kg1 Rd8 30. Nd5 Kg7 31. Ne3 Kf6 32. Bxf7 Kxf7 33.
Nxf5 Ke6 34. g4 Rg8 35. h3 h5 36. Ne3 hxg4 37. hxg4 Kxd6 38. Kf2 Ke5 39. Ke2
Kd4 40. Kd2 Rh8 0-1

[Event "Lichtenberger Sommer 2024"]
[Site "Berlin"]
[Date "2024.08.10"]
[Round "1.19"]
[White "Matviienko, Mykhailo"]
[Black "Kopbauer, René"]
[Result "1-0"]
[WhiteElo "2102"]
[BlackElo "1832"]
[PlyCount "67"]
[EventDate "2024.08.10"]
[WhiteTeam "SK Zehlendorf e.V."]
[BlackTeam "TSG Oberschöneweide e.V."]

1. e4 e5 2. Nf3 Nc6 3. Bc4 Bc5 4. c3 d6 5. d4 exd4 6. cxd4 Bb6 7. h3 h6 8. O-O
Nf6 9. Nc3 O-O 10. Re1 Re8 11. Bf4 Ne7 12. Qb3 Rf8 13. e5 dxe5 14. dxe5 Nh7 15.
Rad1 Qe8 16. e6 fxe6 17. Bxe6+ Kh8 18. Bg3 Qg6 19. Na4 Ng5 20. Nxg5 Qxg5 21.
Nxb6 cxb6 22. Bd6 Bxe6 23. Qxe6 Ng6 24. Bxf8 Rxf8 25. Qg4 Qf6 26. Qd4 Qg5 27.
Rd3 Qa5 28. Re6 Qf5 29. Re4 Rf7 30. Rf3 Qd7 31. Qxd7 Rxd7 32. h4 Kg8 33. Re8+
Kh7 34. h5 1-0

[Event "Lichtenberger Sommer 2024"]
[Site "Berlin"]
[Date "2024.08.10"]
[Round "1.20"]
[White "Shevlyakov, Aleksandr"]
[Black "Pererva, Viktor"]
[Result "0-1"]
[WhiteElo "1824"]
[BlackElo "2100"]
[PlyCount "128"]
[EventDate "2024.08.10"]
[BlackTeam "SV Mattnetz Berlin e.V."]

1. d4 d5 2. c4 e6 3. Nf3 a6 4. g3 dxc4 5. Bg2 c5 6. O-O Nf6 7. dxc5 Qxd1 8.
Rxd1 Nc6 9. Na3 c3 10. bxc3 Bxc5 11. Nc4 Ne4 12. e3 Nxc3 13. Rd3 Nd5 14. Bb2
O-O 15. Nfe5 Ncb4 16. Rd2 b5 17. Na5 Bb6 18. Nb3 f6 19. Ba3 fxe5 20. Bxb4 Rd8
21. Rad1 Bb7 22. Ba5 Rdb8 23. Bxb6 Nxb6 24. Bxb7 Rxb7 25. Nc5 Re7 26. Rd8+ Kf7
27. Rxa8 Nxa8 28. Nxa6 Ra7 29. Nb4 Ra4 30. Rb1 Nc7 31. e4 Ke7 32. f3 Kd6 33.
Rd1+ Ke7 34. Nc6+ Kf6 35. Rd2 Rc4 36. Na5 Ra4 37. Nb3 Na6 38. Rb2 Ke7 39. Kf2
Nb4 40. Nc5 Rxa2 41. Rxa2 Nxa2 42. Ke3 Nb4 43. Kd2 Nc6 44. Nd3 g5 45. Kc3 Kd6
46. h3 h6 47. g4 Kc7 48. Kd2 b4 49. Ke3 Kb6 50. Nb2 Kb5 51. h4 gxh4 52. f4
exf4+ 53. Kxf4 b3 54. Kf3 Kb4 55. Kg2 Kc3 56. Na4+ Kd4 57. Kh3 Ke3 58. Kxh4 Kf4
59. Nc5 Nd4 60. Kh5 e5 61. Kh4 Ke3 62. Na4 Kxe4 63. Kh5 Kf3 64. Kxh6 Kxg4 0-1

[Event "Lichtenberger Sommer 2024"]
[Site "Berlin"]
[Date "2024.08.10"]
[Round "1.21"]
[White "Pixa, Richard"]
[Black "Schmitz, Christopher"]
[Result "1-0"]
[WhiteElo "2099"]
[BlackElo "1817"]
[PlyCount "39"]
[EventDate "2024.08.10"]
[WhiteTeam "SV Mattnetz Berlin e.V."]
[BlackTeam "TSG Oberschöneweide e.V."]

1. e4 c6 2. d4 d5 3. e5 c5 4. dxc5 e6 5. a3 Bxc5 6. Qg4 Ne7 7. Nf3 Ng6 8. h4
Nc6 9. h5 Nge7 10. b4 Bb6 11. Qxg7 Rg8 12. Qxh7 Qc7 13. Bb2 Bd7 14. Nbd2 O-O-O
15. Qd3 Kb8 16. g3 Nf5 17. Bh3 Nh6 18. c4 dxc4 19. Qxc4 Rc8 20. Qf4 1-0

[Event "Lichtenberger Sommer 2024"]
[Site "Berlin"]
[Date "2024.08.10"]
[Round "1.22"]
[White "Berndt, Ronson"]
[Black "Moser, Axel"]
[Result "0-1"]
[WhiteElo "1813"]
[BlackElo "2097"]
[PlyCount "38"]
[EventDate "2024.08.10"]
[WhiteTeam "SC Borussia Lichtenberg"]
[BlackTeam "SC Freibauer Hofstetten"]

1. e4 e5 2. Nf3 Nc6 3. Nc3 g6 4. Bc4 Bg7 5. d3 h6 6. Be3 Nf6 7. h3 d6 8. a3 O-O
9. Qd2 Kh7 10. g4 Nd7 11. O-O-O Nd4 12. Bxd4 exd4 13. Ne2 c5 14. Rdg1 Rb8 15.
h4 b5 16. Ba2 b4 17. axb4 Rxb4 18. h5 g5 19. Nexd4 Ra4 0-1

[Event "Lichtenberger Sommer 2024"]
[Site "Berlin"]
[Date "2024.08.10"]
[Round "1.23"]
[White "Fartmann, Oliver"]
[Black "Regel, Michael"]
[Result "1/2-1/2"]
[WhiteElo "2093"]
[BlackElo "1804"]
[PlyCount "78"]
[EventDate "2024.08.10"]
[WhiteTeam "SV Mattnetz Berlin e.V."]
[BlackTeam "SC Friesen Lichtenberg e.V."]

1. d4 d5 2. c4 e6 3. Nf3 Nf6 4. Nc3 Be7 5. Bf4 c6 6. e3 O-O 7. Bd3 Nbd7 8. O-O
Nh5 9. Be5 Nxe5 10. dxe5 g6 11. Qe2 b6 12. Rfd1 Bb7 13. Rac1 Rc8 14. cxd5 cxd5
15. a3 Qd7 16. g4 Ng7 17. Nd4 f6 18. Bb5 Qd8 19. Nf3 fxe5 20. Nxe5 Bd6 21. Nf3
Qf6 22. Ne1 Qh4 23. f4 Bxf4 24. exf4 Rxf4 25. Ng2 Rxg4 26. Bd7 d4 27. Bxe6+
Nxe6 28. Qxe6+ Kh8 29. Qe5+ Kg8 30. Nd5 Rxg2+ 31. Kxg2 Qg4+ 32. Kf2 Rf8+ 33.
Nf6+ Rxf6+ 34. Qxf6 Qg2+ 35. Ke1 Qe4+ 36. Kf2 Qg2+ 37. Ke1 Qe4+ 38. Kf2 Qg2+
39. Ke1 Qe4+ 1/2-1/2

[Event "Lichtenberger Sommer 2024"]
[Site "Berlin"]
[Date "2024.08.10"]
[Round "1.24"]
[White "Rauscher, Joachim"]
[Black "Vogel, Robert"]
[Result "0-1"]
[WhiteElo "1803"]
[BlackElo "2079"]
[PlyCount "72"]
[EventDate "2024.08.10"]
[WhiteTeam "SC Brett vorm Kopp Ffm"]
[BlackTeam "SK München Südost e.V."]

1. e4 g6 2. d4 Bg7 3. Nc3 d6 4. f4 Nc6 5. Nf3 Bg4 6. d5 Nd4 7. Be2 Nxe2 8. Qxe2
c6 9. Qd3 Nf6 10. O-O O-O 11. Be3 cxd5 12. exd5 Qa5 13. Nd4 Bd7 14. Nb3 Qc7 15.
Nd4 Ng4 16. Kh1 Nxe3 17. Qxe3 Rfe8 18. Qd2 Qc4 19. Rad1 Bg4 20. Nf3 Rac8 21. h3
Bf5 22. Nd4 Bxd4 23. Qxd4 Bxc2 24. Qxc4 Rxc4 25. Rd2 Bf5 26. Re1 Rxf4 27. Nb5
Re4 28. Rxe4 Bxe4 29. Rd4 f5 30. Nc3 e5 31. Rc4 Bd3 32. Rc7 e4 33. Rd7 e3 34.
Rxd6 e2 35. Nxe2 Rxe2 36. Rd8+ Kf7 0-1

[Event "Lichtenberger Sommer 2024"]
[Site "Berlin"]
[Date "2024.08.10"]
[Round "1.25"]
[White "Tomin, Bogdan"]
[Black "Bastian, Reinhard"]
[Result "1-0"]
[WhiteElo "2072"]
[BlackElo "1803"]
[PlyCount "99"]
[EventDate "2024.08.10"]
[WhiteTeam "SF Berlin 1903 e.V."]
[BlackTeam "vereinslos"]

1. e4 e6 2. d4 d5 3. Nc3 Bb4 4. e5 Qd7 5. a3 Bxc3+ 6. bxc3 b6 7. Qg4 f5 8. Qg3
Ba6 9. Bxa6 Nxa6 10. Qd3 Nb8 11. h4 Nc6 12. h5 O-O-O 13. Nf3 Na5 14. h6 Nxh6
15. Bxh6 gxh6 16. Rxh6 Nc4 17. Nd2 Nxd2 18. Kxd2 Qe7 19. Qh3 Rdg8 20. Rh1 Qg5+
21. Ke2 Qxg2 22. Qxg2 Rxg2 23. Kf3 Rg7 24. Rxe6 Rf8 25. Rf6 Rxf6 26. exf6 Rf7
27. Kf4 Rxf6 28. Rxh7 Rc6 29. Rh3 Rf6 30. Ke5 Rf8 31. Kxd5 b5 32. Rh6 Kb7 33.
Ke5 f4 34. Rf6 Re8+ 35. Re6 Rf8 36. Ke4 f3 37. Ke3 a5 38. Re4 Kc6 39. Kd3 Kd5
40. Re5+ Kc6 41. c4 Rb8 42. cxb5+ Rxb5 43. Rxb5 Kxb5 44. c4+ Ka4 45. d5 Kxa3
46. c5 Kb3 47. d6 cxd6 48. cxd6 a4 49. d7 a3 50. d8=Q 1-0